000 00326nam a2200109Ia 4500
008 171204s9999 xx 000 0 und d
245 _aLearning Responsive Web Design: A Beginner's Guide:
245 _cClarissa Peterson
260 _c2014
650 _xWeb Design
856 _uhttp://down.ebook777.com/010/144936294XDesign.pdf
999 _c345986
_d345986